| 000 | 00886nam a22003017a 4500 | ||
|---|---|---|---|
| 001 | BR9405309 | ||
| 003 | BR-BrBNA | ||
| 005 | 20230928094302.0 | ||
| 007 | ta | ||
| 008 | 230509b bl.||||| |||| 00| 0 por d | ||
| 040 |
_aBR-BrBNA _bpor _cBiblioteca Nacional de Agricultura |
||
| 041 | _a(Por) | ||
| 072 | _aP05; P07 | ||
| 090 | _ P05 BR9405309 | ||
| 110 | 1 | _aConselho Nacional de Desenvolvimento Cientifico e Tecnologico, Brasilia, DF (Brasil) | |
| 245 | 1 |
_aAcao programada em ciencia e tecnologia. Energia 2. V. 18 _b3. Plano Basico de Desenvolvimento Cientifico e Tecnologico |
|
| 260 | 3 |
_aBrasilia, DF (Brasil): _c1985. |
|
| 300 | _a124 p. | ||
| 650 | _aEnergia Eletrica | ||
| 650 | _aGas | ||
| 650 | _aPetroleo | ||
| 650 | _aXisto | ||
| 650 | _aRecurso Energetico | ||
| 650 | _aDemanda | ||
| 650 | _aCusto | ||
| 909 |
_a202309 _bLucia _c55 _dLucia Elande |
||
| 942 | _cBK | ||
| 999 |
_c49853 _d49853 |
||